000 00685nam a2200217 a 4500
001 BRCA_820
005 20190320203149.0
008 870427s1987 nyua---###---#000-0#eng-#
020 _a0385242522
040 _aDLC
_cDLC
_dDLC
050 4 _aNK7398.T5
_b.L67 1987
100 1 _aLoring, John
_92726
245 1 0 _aTiffany´s 150 Years
_cJohn Loring ; introduction by Louis Auchincloss.
260 _aGarden City, Nueva York
_bDoubleday
_c1987
300 _a191 p.
_bil. (algunas a color)
_c32 cm.
610 2 4 _aTiffany y Compañia
_92727
650 1 4 _aDecoración y ornamentación
_zEstados Unidos
_92728
650 1 4 _aJoyería
_92729
700 1 _aAuchincloss, Louis
_92730
942 _2lcc
_cB
999 _c715
_d715